00501 2200205 4500001002100000008004100021035002000062245005900082100002100141250000600162260003200168300001200200084001400212082000800226650001300234990001200247990001200259990001200271990001200283INLIS000000000000718 ind  a0010-0424000694 aHaving Fun With Adobe Illustrator CS5cFlorencia Putri aPutri, Florencia a1 aYogyakarta :bSkriptac2011 a202 hlm a600 FLO h a600 aNonfiksi a0721952 a0721953 a0721954 a0721955